| 000 | 00550nam a22001937a 4500 | ||
|---|---|---|---|
| 003 | OSt | ||
| 005 | 20151203132843.0 | ||
| 008 | 151203b xxu||||| |||| 00| 0 eng d | ||
| 020 | _a0415911885 | ||
| 040 | _cDDC. | ||
| 082 | _a301LAD 1996. | ||
| 100 |
_aLadwig,James. _96473 |
||
| 245 |
_aAcademic Distinctions. _bTheory and Methodology in the Sociology of school Knowledge. |
||
| 260 |
_aLondon; _bRotledge, _c1996. |
||
| 300 |
_a194p; _bill; _c23cm |
||
| 504 | _aIncludes Bibliography and notes. | ||
| 650 |
_aSociology. _92259 |
||
| 942 |
_2ddc _cSLOAN |
||
| 999 |
_c2802 _d2802 |
||